[Event "Leipzig VfB op 20th"]
[Site "Leipzig"]
[Date "2013.03.05"]
[Round "1"]
[White "Scheller, Thomas"]
[Black "Peschke, Uwe"]
[Result "1/2-1/2"]
[WhiteElo "1717"]
[BlackElo "2053"]
[PlyCount "84"]
[EventDate "2013.03.05"]
[EventType "swiss"]
[EventRounds "9"]
[EventCountry "GER"]
[SourceTitle "EXT 2014"]
[Source "ChessBase"]
[SourceDate "2013.11.20"]
[SourceVersion "1"]
[SourceVersionDate "2013.11.20"]
[SourceQuality "1"]

1. d4 Nf6 2. g3 d5 3. Bg2 g6 4. Nf3 Bg7 5. 0-0 0-0 6. Re1 c5 7. c3 Ne4 8. Be3 Qb6 9. Qc1 cxd4 10. Nxd4 Qc7 11. Nd2 Nf6 12. f3 Bd7 13. N4b3 Nc6 14. Nc5 Bf5 15. Bf2 b6 16. Nd3 Rad8 17. g4 Bc8 18. Nb3 e5 19. Bg3 Qe7 20. Bh4 h6 21. g5 Nh7 22. gxh6 Qxh4 23. hxg7 Kxg7 24. Qe3 Rh8 25. Qf2 Qh5 26. Qg3 Nf6 27. Nd2 Rhe8 28. Rad1 Qh6 29. e3 Nh5 30. Qf2 f5 31. Nc1 Nf6 32. Ne2 Ba6 33. Nc1 Rh8 34. Bf1 Bc8 35. Bb5 Ne7 36. Re2 g5 37. Kh1 Qg6 38. Rg1 Rh5 39. Qg3 f4 40. exf4 Nf5 41. Qxg5 Rxg5 42. Rxg5 exf4 1/2-1/2

[Event "Leipzig VfB op 19th"]
[Site "Leipzig"]
[Date "2012.03.09"]
[Round "6"]
[White "Thalwitzer, Bernd"]
[Black "Scheller, Thomas"]
[Result "0-1"]
[WhiteElo "1731"]
[BlackElo "1620"]
[PlyCount "131"]
[EventDate "2012.03.06"]
[EventType "swiss"]
[EventRounds "9"]
[EventCountry "GER"]
[SourceTitle "CBM 147 Extra"]
[Source "ChessBase"]
[SourceDate "2012.04.24"]
[SourceVersion "1"]
[SourceVersionDate "2012.04.24"]
[SourceQuality "1"]

1. e4 e6 2. Qe2 d6 3. d4 e5 4. Qb5+ Qd7 5. d5 a6 6. Qa5 b6 7. Qb4 f5 8. Nc3 Bb7 9. exf5 Qxf5 10. Bd3 Qf7 11. Nf3 Be7 12. Ng5 Bxg5 13. Bxg5 h6 14. Qa4+ Nd7 15. Qh4 Ngf6 16. 0-0-0 Rf8 17. Bxf6 Nxf6 18. Bf5 Nxd5 19. Be4 c6 20. Qg4 g5 21. Nxd5 cxd5 22. Bf3 e4 23. Rhe1 Qf4+ 24. Qxf4 Rxf4 25. Bh5+ Kd7 26. f3 Raf8 27. g3 R4f6 28. fxe4 dxe4 29. Bg4+ Kc7 30. Be2 Rf2 31. h3 Rh2 32. Bg4 Rff2 33. b3 Rxc2+ 34. Kb1 Rb2+ 35. Ka1 Rxa2+ 36. Kb1 Rab2+ 37. Ka1 Ra2+ 38. Kb1 Rhd2 39. Rc1+ Kd8 40. Rc3 Rab2+ 41. Kc1 Ra2 42. Kb1 Rdb2+ 43. Kc1 Ra1+ 44. Kxb2 Rxe1 45. Rc2 d5 46. Rf2 d4 47. Rf7 Bc6 48. Rf6 Kc7 49. Rf7+ Kd6 50. Rh7 Rg1 51. Rxh6+ Kc5 52. Rf6 Rg2+ 53. Kc1 Rxg3 54. Rf5+ Kb4 55. Rxg5 Bd7 56. Rd5 Rc3+ 57. Kd2 Rd3+ 58. Kc2 Bxg4 59. hxg4 Rc3+ 60. Kd2 e3+ 61. Ke2 Rc2+ 62. Ke1 Kc3 63. g5 d3 64. Kd1 e2+ 65. Ke1 Rc1+ 66. Kf2 0-1